Operating systems : Internals and design principles (Record no. 187510)

MARC details
000 -LEADER
fixed length control field 00463nam a2200169Ia 4500
005 - DATE AND TIME OF LATEST TRANSACTION
control field 20241223154015.0
008 - FIXED-LENGTH DATA ELEMENTS--GENERAL INFORMATION
fixed length control field 231217s9999 xx 000 0 und d
020 ## - INTERNATIONAL STANDARD BOOK NUMBER
International Standard Book Number 9788131725283
082 ## - DEWEY DECIMAL CLASSIFICATION NUMBER
Classification number 001.642 STA;23
100 ## - MAIN ENTRY--PERSONAL NAME
Personal name Stallings, William.
245 #0 - TITLE STATEMENT
Title Operating systems : Internals and design principles
250 ## - EDITION STATEMENT
Edition statement 6th ed.
260 ## - PUBLICATION, DISTRIBUTION, ETC. (IMPRINT)
Date of publication, distribution, etc. 2009
Name of publisher, distributor, etc. Dorling Kindersley
Place of publication, distribution, etc. New Delhi
300 ## - PHYSICAL DESCRIPTION
Extent xviii, 822
650 ## - SUBJECT ADDED ENTRY--TOPICAL TERM
Topical term or geographic name as entry element Operating,Internals
942 ## - ADDED ENTRY ELEMENTS (KOHA)
Koha item type Books
Holdings
Date last seen Total Checkouts Full call number Accession number Old discount Cost, replacement price Price effective from Category Lost status Damaged status Department Withdrawn status bill no. bill date Permanent Location Current Location Shelving location Entry date Vendor Cost, normal purchase price Grants Currency symbol Conversion rate Discount Discount type
26/01/2024   001.642 STA;23 68066 28 334.80 26/01/2024 Books     Central Library   60083 25/02/2014 Central Library Central Library Central Library 30/07/2010 Book Paradise 465.00 TC RS 1 130.2 Rupees
26/01/2024   001.642 STA;24 68067 28 334.80 26/01/2024 Books     Central Library   60083 25/02/2014 Central Library Central Library Central Library 30/07/2010 Book Paradise 465.00 TC RS 1 130.2 Rupees
26/01/2024   001.642 STA;25 68068 28 334.80 26/01/2024 Books     Central Library   60083 25/02/2014 Central Library Central Library Central Library 30/07/2010 Book Paradise 465.00 TC RS 1 130.2 Rupees
26/01/2024   001.642 STA;26 68069 28 334.80 26/01/2024 Books     Central Library   60083 25/02/2014 Central Library Central Library Central Library 30/07/2010 Book Paradise 465.00 TC RS 1 130.2 Rupees
26/01/2024   001.642 STA;27 68070 28 334.80 26/01/2024 Books     Central Library   60083 25/02/2014 Central Library Central Library Central Library 30/07/2010 Book Paradise 465.00 TC RS 1 130.2 Rupees
26/01/2024   001.642 STA;28 78677     26/01/2024 Books     Central Library     14/07/2016 Central Library Central Library Central Library 27/06/2011     DONATED RS 1   Rupees
26/01/2024   001.642 STA;32 79260 25 363.75 26/01/2024 Books     Central Library   SBH/CRB/000674 23/08/2016 Central Library Central Library Central Library 27/07/2011 Sapna Book House 485.00 IS RS 1 121.25 Rupees
26/01/2024   001.642 STA;33 79261 25 363.75 26/01/2024 Books     Central Library   SBH/CRB/000674 23/08/2016 Central Library Central Library Central Library 27/07/2011 Sapna Book House 485.00 IS RS 1 121.25 Rupees
26/01/2024   001.642 STA;34 79262 25 363.75 26/01/2024 Books     Central Library   SBH/CRB/000674 23/08/2016 Central Library Central Library Central Library 27/07/2011 Sapna Book House 485.00 IS RS 1 121.25 Rupees
26/01/2024   001.642 STA;35 79263 25 363.75 26/01/2024 Books     Central Library   SBH/CRB/000674 23/08/2016 Central Library Central Library Central Library 27/07/2011 Sapna Book House 485.00 IS RS 1 121.25 Rupees

© For any Suggestions or Query, please contact the library staff @ librarian@pes.edu or Phone: +9180 2672 1983/ 2108.